Democracia fugitiva e totalitarismo invertido de Sheldon S. Wolin (Record no. 894876)

000 -CABECERA
Campo de control de longitud fija 00534nab a22001577 4500
003 - IDENTIFICADOR DEL NÚMERO DE CONTROL
Campo de control ES-SlBCS
005 - FECHA Y HORA DE LA ÚLTIMA TRANSACCIÓN
Campo de control 20240304212227.0
008 - CÓDIGOS DE INFORMACIÓN DE LONGITUD FIJA
Campo de control de longitud fija 240304s2023 bl ||||| |||| 00| 0 por d
040 ## - FUENTE DE LA CATALOGACIÓN
Centro catalogador del origen ES-SlBCS
Lengua de catalogación spa
041 ## - CÓDIGO DE LENGUA
Código de lengua del texto/banda sonora o título independiente por
100 1# - PUNTO DE ACCESO PRINCIPAL-NOMBRE DE PERSONA
9 (RLIN) 209056
Nombre de persona Netto de Andrade, Luiz Felipe
245 10 - MENCIÓN DE TÍTULO
Título Democracia fugitiva e totalitarismo invertido de Sheldon S. Wolin
Mención de responsabilidad, etc. Luiz Felipe Netto de Andrade, Silva Sahd
700 1# - PUNTO DE ACCESO ADICIONAL-NOMBRE DE PERSONA
9 (RLIN) 209071
Nombre de persona Sahd, Silva
773 0# - ENLACE AL DOCUMENTO FUENTE
Parte(s) relacionada(s) Vol. 50, núm. 158, 2023, págs. 405-422
Título Síntese
Número de control del registro relacionado Rev973
Número Internacional Normalizado para Publicaciones Seriadas (ISSN) 0103-4332
942 ## - ENTRADA DE ELEMENTOS AGREGADOS (KOHA)
Fuente de clasificaión o esquema
Koha [por defecto] tipo de item Artículos de revista
Holdings
Suprimido Perdido Fuente de clasificación o esquema Estropeado No para préstamo Localización permanente Localización actual Fecha adquisición Préstamos totales Fecha última consulta Fecha del precio de reemplazo Tipo de item de Koha
          San Esteban San Esteban 04/03/2024   04/03/2024 04/03/2024 Artículos de revista

Bibliotecas Dominicos Provincia Hispania, 2016

Con tecnología Koha